Automatizované laserové gravírovacie pracovisko

Gespeichert in:
Bibliographische Detailangaben
1. Verfasser: Samseli, Matej (Verfasst von)
Weitere Verfasser: Tölgyessy, Michal (Betreuung Doktorarbeit)
Format: Manuskript Buch
Sprache:Slowakisch
Veröffentlicht: 2025
Schlagworte:
Online-Zugang:http://is.stuba.sk/zp/portal_zp.pl?podrobnosti=184502
Tags: Tag hinzufügen
Keine Tags, Fügen Sie das erste Tag hinzu!

MARC

LEADER 00000ntm a22000003a 4500
001 stuzp102230
003 SK-STU
005 20250614211050.9
007 ta
008 150427s2015----xo-----f-mn---000-0-slo-d
040 |a STU  |b slo 
041 0 |a slo 
100 1 |a Samseli, Matej  |u 031000  |4 aut  |U FEI Fakulta elektrotechniky a informatiky  |T FEI Ústav robotiky a kybernetiky  |X 111137  |U E011  |Y 356  |7 111137 
242 0 1 |a Automatized Laser Engraving Workcentre  |y eng 
245 1 0 |a Automatizované laserové gravírovacie pracovisko 
260 |c 2025 
650 4 |a EZCad  |2 eng 
650 4 |a Laser engraving  |2 eng 
650 4 |a Fiber laser  |2 eng 
650 4 |a Automation of engraving  |2 eng 
650 4 |a EZCad  |2 slo 
650 4 |a Automatizácia gravírovania  |2 slo 
650 4 |a Vláknový laser  |2 slo 
650 4 |a Laserové gravírovanie  |2 slo 
700 1 |a Tölgyessy, Michal  |u 031000  |k Z1  |4 ths  |U FEI Fakulta elektrotechniky a informatiky  |T FEI Ústav robotiky a kybernetiky  |X 22286  |U E011  |Y 356  |7 A000022286 
856 4 |u http://is.stuba.sk/zp/portal_zp.pl?podrobnosti=184502